Kolektívne investovanie z pohľadu dane z príjmov diplomová práca

Saved in:
Bibliographic Details
Main Author: Gajdošová, Mária
Corporate Author: Národohospodárska fakulta EU. Katedra financií
Other Authors: Kubicová, Jana, 1961-
Format: Book
Language:Slovak
Published: Bratislava 2018
Tags: Add Tag
No Tags, Be the first to tag this record!

MARC

LEADER 00000nbm a2200000 4500
001 0244280
005 20181114094042.1
041 0 |a slo 
044 |a SK 
245 1 0 |a Kolektívne investovanie z pohľadu dane z príjmov  |b diplomová práca  |c Mária Gajdošová ; školiteľ: Jana Kubicová 
264 1 |a Bratislava  |c 2018 
300 |a 76 s. 
100 1 |a Gajdošová, Mária 
700 1 |a Kubicová, Jana, 1961- 
710 2 |a Národohospodárska fakulta EU. Katedra financií